Middle Eastern Capitals - Statistics

General Stats
  • This quiz has been taken 309 times
  • The average score is 11 of 15
Answer Stats
Countries Answer % Correct
Egypt Cairo
95%
Iraq Baghdad
84%
Israel Jerusalem
84%
Iran Tehran
82%
Kuwait Kuwait City
79%
Lebanon Beirut
72%
Turkey Ankara
71%
Syria Damascus
69%
Jordan Amman
68%
United Arab Emirates Abu Dhabi
65%
Qatar Doha
64%
Saudi Arabia Riyadh
63%
Oman Muscat
57%
Yemen Sana'a
54%
Bahrain Manama
51%
No matching quizzes found
Score Distribution
Percent of People with Each Score
Percentile by Number Answered
Your Score History
You have not taken this quiz